000 00297nam a2200109Ia 4500
008 230907s9999||||xx |||||||||||||| ||und||
082 _a338.927
_bROO
100 _aRoosa, Stephen
_9118019
245 _aSustainable development handbook /
_cStephen Roosa.
260 _c2019-09-27
942 _2ddc
_cEB
999 _c599672
_d599672